Sports Quiz

Random Sports Quiz

BCS Standings 2010 (Week 12) Quiz Stats

 Plays Quiz not verified by Sporcle

Score 0/25 Timer 06:00
0 Plays Today
Rank School % Correct
1Oregon Ducks
99.7%
2Auburn Tigers
99.4%
4Boise State Broncos
98.9%
3TCU Horned Frogs
98.6%
9Ohio State Buckeyes
96.3%
11Alabama Crimson Tide
95.7%
14Oklahoma Sooners
95.2%
5LSU Tigers
94.6%
12Michigan State Spartans
93.2%
7Wisconsin Badgers
92.6%
20Iowa Hawkeyes
86.9%
8Nebraska Cornhuskers
85.8%
25Florida State Seminoles
85.5%
Rank School % Correct
23Utah Utes
83.2%
10Oklahoma State Cowboys
82.4%
16Virginia Tech Hokies
82.1%
6Stanford Cardinal
81.8%
22Arizona Wildcats
79.8%
17South Carolina Gamecocks
77%
24Miami Hurricanes
75.9%
15Missouri Tigers
75.6%
13Arkansas Razorbacks
71.3%
19Texas A&M Aggies
67.3%
18Nevada Wolfpack
53.7%
21Mississippi State Bulldogs
53.7%

You're not logged in!

Compare scores with friends on all Sporcle quizzes.
OR
Log In

Show Comments

Extras

Created Nov 19, 2010SourceReportNominate
Tags:2010, BCS, record, school, week

Top Quizzes Today


Score Distribution

Your Account Isn't Verified!

In order to create a playlist on Sporcle, you need to verify the email address you used during registration. Go to your Sporcle Settings to finish the process.

Report this User

Report this user for behavior that violates our Community Guidelines.

Details: